00288nam a2200109Ia 4500008004100000082001000041100001600051245003100067260001800098630003100116730003100147100328s9999 xx 000 0 und d b15970 aHays Peter aNew Horizons in Psychiatry bPenguin Books aNew Horizons in Psychiatry aNew Horizons in Psychiatry